000
00430nam a22001097a 4500
082
_a
294
100
_a
सालगावकर,जयराज जयंत
_9
83398
245
_a
चैतन्य गुरू गोरखनाथ और नाथ सिद्ध परंपरा
260
_a
नयी दिल्ली
_b
कौटिल्य बुक्स
_c
2025
650
_a
धर्म
942
_c
HIN
999
_c
68286
_d
68286